ភាពជាអ្នកដឹកនាំ (Record no. 8363)
[ view plain ]
| 000 -LEADER | |
|---|---|
| fixed length control field | 00329nam a22001217a 4500 |
| 040 ## - CATALOGING SOURCE | |
| Transcribing agency | sr |
| 082 ## - DEWEY DECIMAL CLASSIFICATION NUMBER | |
| Classification number | 658 សុជន 2009 |
| 100 ## - MAIN ENTRY--AUTHOR NAME | |
| Personal name | សរ សុជន |
| 245 ## - TITLE STATEMENT | |
| Title | ភាពជាអ្នកដឹកនាំ |
| 260 ## - PUBLICATION, DISTRIBUTION, ETC. (IMPRINT) | |
| Place of publication | ញ៉ូយក |
| Name of publisher | សរ សុជន |
| Year of publication | ២០០៩ |
| 300 ## - PHYSICAL DESCRIPTION | |
| Number of Pages | ១២១p. |
| 942 ## - ADDED ENTRY ELEMENTS (KOHA) | |
| Koha item type | សៀវភៅភាសាខ្មែរ |
| 952 ## - LOCATION AND ITEM INFORMATION (KOHA) | |
| Withdrawn status [LOCAL, KOHA] | 0 |
| Koha item type | Barcode | Lost status | Permanent Location | Current Location | Date acquired | Full call number |
|---|---|---|---|---|---|---|
| សៀវភៅភាសាខ្មែរ | RUA045667 | Library Block C | Library Block C | 2016-07-25 | 658 សុជន 2009 |